[Event "29.Festival - Magistrale"]
[Site "Robecchetto con Induno ITA"]
[Date "2017.12.29"]
[Round "5"]
[White "Massironi, Marco"]
[Black "Ranfagni, Stefano"]
[Result "1-0"]
[WhiteElo "2202"]
[BlackElo "1939"]
[PlyCount "107"]
[EventDate "2017.12.26"]

1. e4 e5 2. Nf3 Nf6 3. Nxe5 d6 4. Nc4 Nxe4 5. d4 d5 6. Ne3 Be6 7. Bd3 Nf6 8.
O-O Bd6 9. Nf5 O-O 10. Nxd6 Qxd6 11. Qf3 Bg4 12. Qg3 Qxg3 13. hxg3 Nbd7 14. Bf4
c6 15. Nd2 Rfe8 16. f3 Bh5 17. Nb3 b6 18. Ba6 Re6 19. Rfe1 Rae8 20. Rxe6 fxe6
21. Re1 c5 22. Bb5 c4 23. Nd2 Bf7 24. g4 h6 25. Rc1 a6 26. Bxa6 Ra8 27. Bb5
Rxa2 28. b3 g5 29. Be3 c3 30. Nb1 Bg6 31. Nxc3 Rxc2 32. Rxc2 Bxc2 33. b4 Kf7
34. Kf2 Ke7 35. Ke2 Kd6 36. Kd2 Bb3 37. Bf2 e5 38. dxe5+ Kxe5 39. Bg3+ Ke6 40.
Ne2 Bc4 41. Nd4+ Kf7 42. Bxc4 dxc4 43. Kc3 Nd5+ 44. Kxc4 Ne3+ 45. Kb5 Nxg2 46.
Kc6 Ke8 47. Nf5 Nf4 48. Bxf4 gxf4 49. Kd6 b5 50. Ng7+ Kf7 51. Kxd7 Kxg7 52. Ke6
Kg6 53. Ke5 Kg5 54. Ke4 1-0

[Event "29.Festival - Magistrale"]
[Site "Robecchetto con Induno ITA"]
[Date "2017.12.29"]
[Round "5"]
[White "Ventura, Salvatore"]
[Black "Marinone, Lucio"]
[Result "1-0"]
[WhiteElo "2195"]
[BlackElo "1971"]
[PlyCount "105"]
[EventDate "2017.12.26"]

1. e4 c5 2. Nc3 a6 3. g3 b5 4. Bg2 Bb7 5. d3 e6 6. Nf3 d6 7. O-O Nf6 8. Ng5 h6
9. Nh3 g5 10. f4 g4 11. Nf2 h5 12. Re1 b4 13. Na4 Qa5 14. b3 Bg7 15. Nb2 Qc7
16. a3 d5 17. e5 Nfd7 18. Bd2 Nc6 19. Na4 bxa3 20. Rxa3 Bf8 21. Ra1 Nb6 22. Nb2
Be7 23. c3 Qd7 24. Qc2 Qc7 25. Na4 Nd7 26. Be3 Rc8 27. Qb2 Rb8 28. Qa2 Ra8 29.
Rac1 Qd8 30. Bf1 Qa5 31. Qb2 Rb8 32. Ra1 Qc7 33. Rec1 Qd8 34. Nd1 Ba8 35. Qc2
Qc7 36. d4 cxd4 37. cxd4 Qb7 38. Rcb1 Nb4 39. Qe2 Rc8 40. Rc1 Rc6 41. Rxc6 Nxc6
42. Qxa6 Qxa6 43. Bxa6 Nb4 44. Nac3 O-O 45. Be2 Rc8 46. Ra7 Bc6 47. h3 gxh3 48.
Bxh5 Nc2 49. Bf2 Bb4 50. Kh2 Rb8 51. Rc7 Rb6 52. Na4 Bxa4 53. bxa4 1-0

[Event "29.Festival - Magistrale"]
[Site "Robecchetto con Induno ITA"]
[Date "2017.12.29"]
[Round "5"]
[White "Da Silva, Quentin"]
[Black "Jara, Erick"]
[Result "1-0"]
[WhiteElo "2138"]
[BlackElo "2188"]
[PlyCount "63"]
[EventDate "2017.12.26"]

1. e4 c5 2. Nf3 d6 3. d4 cxd4 4. Nxd4 Nf6 5. Nc3 g6 6. Be3 Bg7 7. Be2 a6 8. Qd2
h5 9. O-O-O Nbd7 10. f4 Qc7 11. Bf3 Nb6 12. e5 Nc4 13. exf6 Nxd2 14. fxg7 Rg8
15. Rxd2 Bg4 16. Bxg4 hxg4 17. f5 Qa5 18. f6 e6 19. Rf1 O-O-O 20. Nxe6 fxe6 21.
f7 Rxg7 22. f8=Q Rxf8 23. Rxf8+ Kc7 24. Ba7 d5 25. Bb8+ Kd7 26. Be5 Rh7 27.
Rdf2 Qc5 28. Nd1 d4 29. Bxd4 Qd5 30. Nc3 Qg5+ 31. Rd2 Ke7 32. Bf6+ 1-0

[Event "29.Festival - Magistrale"]
[Site "Robecchetto con Induno ITA"]
[Date "2017.12.29"]
[Round "5"]
[White "Colonetti, Fabio"]
[Black "Valtemara, Mattia Angelo"]
[Result "1-0"]
[WhiteElo "1971"]
[BlackElo "1905"]
[PlyCount "67"]
[EventDate "2017.12.26"]

1. e4 e5 2. Nf3 Nc6 3. Bb5 a6 4. Ba4 Nf6 5. d3 b5 6. Bb3 Be7 7. O-O d6 8. c3
O-O 9. Re1 Na5 10. Bc2 c5 11. Nbd2 Nc6 12. Nf1 Re8 13. h3 h6 14. Ng3 Bf8 15. d4
cxd4 16. cxd4 exd4 17. Nxd4 Nxd4 18. Qxd4 Bb7 19. Bf4 Rc8 20. Bb3 d5 21. exd5
Bc5 22. Rxe8+ Qxe8 23. Qd2 Qd7 24. Rd1 Rd8 25. Qc2 Bb6 26. Nf5 Rc8 27. Qb1 Bc5
28. Be5 Ne8 29. d6 Kf8 30. Ne7 Nxd6 31. Nxc8 Bxc8 32. Qd3 Ke7 33. Qd5 Qe6 34.
Qxc5 1-0

[Event "29.Festival - Magistrale"]
[Site "Robecchetto con Induno ITA"]
[Date "2017.12.29"]
[Round "5"]
[White "Tramalloni, Luca"]
[Black "Brugo, Marco"]
[Result "0-1"]
[WhiteElo "2010"]
[BlackElo "2055"]
[PlyCount "74"]
[EventDate "2017.12.26"]

1. d4 d5 2. Nf3 Nf6 3. c4 dxc4 4. e3 e6 5. Bxc4 c5 6. O-O a6 7. dxc5 Bxc5 8.
Qxd8+ Kxd8 9. Nc3 b5 10. Be2 Bb7 11. a3 Ke7 12. b4 Bd6 13. Bb2 Nbd7 14. Nd2 Nb6
15. Nb3 Rac8 16. Na5 Ba8 17. Rac1 Rc7 18. Na2 Rhc8 19. Rxc7+ Rxc7 20. Rc1 Na4
21. Ba1 Bd5 22. Rxc7+ Bxc7 23. Nc3 Nxc3 24. Bxc3 g6 25. Bd4 Nd7 26. g3 e5 27.
Bb2 Kd6 28. Kf1 Bxa5 29. bxa5 Bc4 30. Ke1 Bxe2 31. Kxe2 Kd5 32. Kd3 e4+ 33. Kc2
Kc4 34. Bd4 Nb8 35. Be5 Nc6 36. Bc3 b4 37. axb4 Nxb4+ 0-1

[Event "29.Festival - Magistrale"]
[Site "Robecchetto con Induno ITA"]
[Date "2017.12.29"]
[Round "5"]
[White "Autino, Massimiliano"]
[Black "Asperti, Giovanni"]
[Result "1/2-1/2"]
[WhiteElo "1946"]
[BlackElo "1926"]
[PlyCount "125"]
[EventDate "2017.12.26"]

1. Nf3 c5 2. c4 Nc6 3. b3 d6 4. Bb2 e5 5. d3 g6 6. e3 Bg7 7. Be2 Nge7 8. O-O
O-O 9. Qd2 h6 10. d4 e4 11. Ne1 cxd4 12. exd4 d5 13. Nc2 Be6 14. c5 f5 15. f4
exf3 16. Bxf3 g5 17. b4 Ng6 18. Nc3 Nce7 19. Rae1 Qd7 20. b5 Kh8 21. a4 Rae8
22. Nb4 g4 23. Bd1 f4 24. a5 f3 25. gxf3 gxf3 26. Rxf3 Nf5 27. Nc2 Nfh4 28.
Rxf8+ Rxf8 29. Rf1 Rxf1+ 30. Kxf1 Bh3+ 31. Kg1 Qf5 32. Qf2 Qd3 33. Bh5 Ne7 34.
Nd1 Nef5 35. Nb4 Qe4 36. Nc2 Qe7 37. Qf4 Bf6 38. Kf2 Qg7 39. Nde3 Nxe3 40. Nxe3
Ng2 41. Nxg2 Qxg2+ 42. Ke1 Qg1+ 43. Ke2 Qg2+ 44. Kd1 Bg7 45. Be2 Qg1+ 46. Kc2
Bg2 47. Bd3 Be4 48. Bxe4 dxe4 49. Qxe4 Qxh2+ 50. Kb3 Qd2 51. Bc3 Qd1+ 52. Kb4
a6 53. bxa6 bxa6 54. Qf5 Kg8 55. Qe6+ Kh7 56. Qb3 Qd3 57. Ka4 h5 58. c6 Qe4 59.
Qc4 Qc2+ 60. Qb3 Qe4 61. Qc4 Qc2+ 62. Qb3 Qe4 63. Qc4 1/2-1/2

[Event "29.Festival - Magistrale"]
[Site "Robecchetto con Induno ITA"]
[Date "2017.12.29"]
[Round "5"]
[White "Di Chiara, Mauro"]
[Black "Bergero, Simone"]
[Result "0-1"]
[WhiteElo "1898"]
[BlackElo "1963"]
[PlyCount "116"]
[EventDate "2017.12.26"]

1. Nf3 d5 2. d4 Nf6 3. c4 e6 4. Nc3 a6 5. cxd5 exd5 6. Bg5 c6 7. Qc2 Be7 8. e3
Nbd7 9. Bd3 O-O 10. O-O Re8 11. Rab1 Nf8 12. b4 g6 13. a4 Ne6 14. Bxf6 Bxf6 15.
Ne2 Ng7 16. Ng3 h5 17. h3 h4 18. Ne2 Bf5 19. Bxf5 Nxf5 20. Nf4 Nd6 21. a5 Nc4
22. Rb3 Qd6 23. Nd2 Bg5 24. Nxc4 dxc4 25. Qxc4 Bxf4 26. exf4 Re4 27. Rd1 Rd8
28. Rbd3 Qxf4 29. Rf3 Rexd4 30. Qxd4 Rxd4 31. Rxf4 Rxf4 32. Rb1 Kf8 33. f3 Ke7
34. Kf2 Rc4 35. Rb2 Rd4 36. Ke3 Rd5 37. Kf4 g5+ 38. Kg4 Kf6 39. Kh5 Rd8 40. Rf2
Kf5 41. Kh6 Rd4 42. Rb2 Kf4 43. Kg7 f5 44. Kg6 g4 45. fxg4 fxg4 46. hxg4 Kxg4
47. Kf6 Kf4 48. Ke6 Ke4 49. Rb1 Kd3 50. Ke5 Rg4 51. Kd6 Rxg2 52. Kc7 Rg7+ 53.
Kb6 Rh7 54. Rf1 h3 55. Rf3+ Ke4 56. Rxh3 Rxh3 57. Kxb7 Rb3 58. Kxa6 Rxb4 0-1

[Event "29.Festival - Magistrale"]
[Site "Robecchetto con Induno ITA"]
[Date "2017.12.29"]
[Round "6"]
[White "Yao, Stefano"]
[Black "Giretti Kanev, Jasen"]
[Result "1-0"]
[WhiteElo "2281"]
[BlackElo "2147"]
[PlyCount "61"]
[EventDate "2017.12.26"]

1. d4 Nf6 2. Nf3 b6 3. g3 Bb7 4. Bg2 c5 5. c4 cxd4 6. Qxd4 Nc6 7. Qf4 e5 8.
Nxe5 Bd6 9. Bxc6 Bxc6 10. Qe3 Bc5 11. Qg5 Bxh1 12. Qxg7 Rf8 13. Bg5 Be7 14. f3
Nh5 15. Qxh7 Bxg5 16. Qxh5 Qe7 17. Nd3 Qe3 18. Kd1 Rc8 19. h4 Bf6 20. Qd5 Rc6
21. Kc2 Bg2 22. Nf4 Bf1 23. Nd2 Rc5 24. Nxf1 Qf2 25. Qa8+ Ke7 26. Nd5+ Ke6 27.
Qxf8 Qxe2+ 28. Nd2 Rxc4+ 29. Nc3 Rd4 30. Rd1 b5 31. Nxe2 1-0

[Event "29.Festival - Magistrale"]
[Site "Robecchetto con Induno ITA"]
[Date "2017.12.29"]
[Round "6"]
[White "Medici, Simone"]
[Black "Aranovitch, Emiliano"]
[Result "0-1"]
[WhiteElo "2233"]
[BlackElo "2362"]
[PlyCount "82"]
[EventDate "2017.12.26"]

1. d4 Nf6 2. c4 e6 3. Nf3 Bb4+ 4. Bd2 a5 5. a3 Bxd2+ 6. Nbxd2 d6 7. e3 Qe7 8.
Be2 e5 9. Nb1 Bg4 10. Nc3 c6 11. h3 Bh5 12. Nh4 Bxe2 13. Qxe2 g6 14. Nf3 Nbd7
15. Rd1 O-O 16. O-O a4 17. Rfe1 Nb6 18. Nd2 Rfd8 19. Nce4 Nxe4 20. Nxe4 exd4
21. exd4 d5 22. cxd5 Nxd5 23. Qc2 Re8 24. Nc3 Qxe1+ 25. Rxe1 Rxe1+ 26. Kh2 Nxc3
27. Qxc3 Re6 28. Qb4 b5 29. d5 cxd5 30. Qxb5 Rd8 31. Qd3 d4 32. Kg3 Rb6 33. Kf4
Rb3 34. Qd2 d3 35. Kg5 Rb5+ 36. Kf6 Rxb2 37. Qf4 Re8 38. Qxa4 Rxf2+ 39. Kg5
Rxg2+ 40. Kf4 Rd8 41. Qd1 d2 0-1

[Event "29.Festival - Magistrale"]
[Site "Robecchetto con Induno ITA"]
[Date "2017.12.29"]
[Round "6"]
[White "Ronce, Nathan"]
[Black "Gromovs, Sergejs"]
[Result "0-1"]
[WhiteElo "2168"]
[BlackElo "2257"]
[PlyCount "114"]
[EventDate "2017.12.26"]

1. e4 c5 2. Nf3 d6 3. d4 cxd4 4. Qxd4 Nc6 5. Bb5 Bd7 6. Bxc6 Bxc6 7. Bg5 Nf6 8.
Nc3 e6 9. O-O-O Be7 10. Kb1 O-O 11. Qd3 Qa5 12. h4 Rfd8 13. Nd4 Be8 14. f4 Rac8
15. Rhe1 Rd7 16. Qh3 Rdc7 17. Nb3 Qb4 18. Rd4 Qb6 19. e5 Nd5 20. Nxd5 exd5 21.
Bxe7 dxe5 22. Rxe5 Rxc2 23. Qe3 Rxg2 24. Rg5 Rxg5 25. hxg5 Bd7 26. Qf2 Bf5+ 27.
Ka1 Qc7 28. Bc5 b6 29. Rxd5 Be6 30. Re5 Bxb3 31. axb3 bxc5 32. Qe3 Qc6 33. Re7
a5 34. Ra7 Qb6 35. Re7 Qb5 36. Ra7 g6 37. Qc3 Qf1+ 38. Ka2 Qxf4 39. Qh3 Rf8 40.
Qg2 c4 41. Rxa5 cxb3+ 42. Kxb3 Rb8+ 43. Ka2 Qc4+ 44. Kb1 Kg7 45. Qf2 Qe4+ 46.
Ka1 Rc8 47. Qf6+ Kg8 48. Ka2 Qc4+ 49. Kb1 Re8 50. Qf2 Qb4 51. Rc5 Re1+ 52. Kc2
Qa4+ 53. Kd2 Re8 54. Rc3 Rb8 55. Rc2 Rd8+ 56. Ke3 Qd7 57. Qf6 Qd3+ 0-1

[Event "29.Festival - Magistrale"]
[Site "Robecchetto con Induno ITA"]
[Date "2017.12.29"]
[Round "6"]
[White "Colonetti, Fabio"]
[Black "Massironi, Marco"]
[Result "0-1"]
[WhiteElo "1971"]
[BlackElo "2202"]
[PlyCount "106"]
[EventDate "2017.12.26"]

1. e4 c5 2. Nf3 d6 3. d4 cxd4 4. Nxd4 Nf6 5. Nc3 a6 6. Be3 e5 7. Nb3 Be7 8. f3
Be6 9. Qd2 O-O 10. O-O-O a5 11. Bb5 Na6 12. g4 Nc7 13. Bb6 Qb8 14. Nxa5 d5 15.
g5 d4 16. gxf6 dxc3 17. Qxc3 Nxb5 18. Qd3 Bxf6 19. Qxb5 Qe8 20. Qxe8 Rfxe8 21.
c4 Be7 22. a3 Rec8 23. Kb1 Ra6 24. c5 Bxc5 25. Bxc5 Rxa5 26. Bb4 Raa8 27. Rc1
f6 28. Rxc8+ Rxc8 29. Rd1 g5 30. Rd6 Kf7 31. Rb6 Rc7 32. Bd6 Rd7 33. Kc2 Bc4
34. Kd2 Ke6 35. Kc3 Ba6 36. Bb4+ Kf7 37. Rd6 Rxd6 38. Bxd6 Be2 39. Kd2 Bxf3 40.
Ke3 Bd1 41. b4 Ba4 42. Kf3 Bc6 43. Bc5 f5 44. Ke3 Bxe4 45. Bd6 Ke6 46. Bc5 Bc6
47. Kd3 Kd5 48. Be7 g4 49. Bc5 f4 50. Ke2 e4 51. Kf2 e3+ 52. Ke2 Ke4 53. Ke1 f3
0-1

[Event "29.Festival - Magistrale"]
[Site "Robecchetto con Induno ITA"]
[Date "2017.12.29"]
[Round "6"]
[White "Brugo, Marco"]
[Black "Ventura, Salvatore"]
[Result "0-1"]
[WhiteElo "2055"]
[BlackElo "2195"]
[PlyCount "70"]
[EventDate "2017.12.26"]

1. d4 f5 2. Nc3 Nf6 3. Bg5 d5 4. Bxf6 exf6 5. e3 Be6 6. Bd3 Qd7 7. h4 h5 8. Nh3
Nc6 9. Nf4 Bf7 10. Be2 g6 11. Bf3 Ne7 12. Qe2 O-O-O 13. Nd3 Kb8 14. b4 Qc6 15.
Nc5 Nc8 16. g3 Bh6 17. O-O-O a6 18. Kb2 Nd6 19. a4 Ne4 20. b5 Qb6 21. Nb3 a5
22. Qe1 Bf8 23. Na2 Nd6 24. Be2 Nc4+ 25. Bxc4 dxc4 26. Nxa5 c6 27. Rb1 Kc7 28.
Ka1 c5 29. dxc5 Bxc5 30. Qc3 Ra8 31. Nxc4 Rxa4 32. Rb4 Bxb4 33. Qxb4 Rxb4 34.
Nxb6 Bxa2 35. Nd5+ Bxd5 0-1

[Event "29.Festival - Magistrale"]
[Site "Robecchetto con Induno ITA"]
[Date "2017.12.29"]
[Round "6"]
[White "Bonassi, Tommaso"]
[Black "Da Silva, Quentin"]
[Result "1/2-1/2"]
[WhiteElo "2100"]
[BlackElo "2138"]
[PlyCount "106"]
[EventDate "2017.12.26"]

1. e4 c5 2. Nf3 d6 3. Bb5+ Nd7 4. O-O a6 5. Bd3 Ngf6 6. Re1 e5 7. h3 g6 8. a4
Bg7 9. c3 O-O 10. Bc4 Qc7 11. Na3 b6 12. d3 Bb7 13. Qb3 Qc6 14. Nc2 d5 15. exd5
Nxd5 16. d4 cxd4 17. cxd4 Rac8 18. Bd3 Qd6 19. Qa3 Qb8 20. Bd2 exd4 21. Ncxd4
Ne5 22. Nxe5 Bxe5 23. Nf3 Bg7 24. Be4 Rcd8 25. Rad1 h6 26. Qb3 Qa8 27. Bc1 Rd7
28. Rd3 Rfd8 29. Red1 Kh7 30. h4 f5 31. Bxd5 Rxd5 32. Rxd5 Rxd5 33. Rxd5 Bxd5
34. Qxb6 Bxf3 35. gxf3 Qxf3 36. Be3 Qd1+ 37. Kg2 Qxa4 38. b4 Qb5 39. Qd6 Qe2
40. Qe7 f4 41. Bc5 Qxe7 42. Bxe7 Bb2 43. Kf3 Ba3 44. Kxf4 a5 45. bxa5 Bxe7 46.
h5 Bd6+ 47. Kg4 g5 48. Kf5 Kg7 49. a6 Bb8 50. f4 gxf4 51. a7 Bxa7 52. Kxf4 Kf6
53. Kf3 Kg5 1/2-1/2

[Event "29.Festival - Magistrale"]
[Site "Robecchetto con Induno ITA"]
[Date "2017.12.29"]
[Round "6"]
[White "Ranfagni, Stefano"]
[Black "Marinone, Lucio"]
[Result "1/2-1/2"]
[WhiteElo "1939"]
[BlackElo "1971"]
[PlyCount "36"]
[EventDate "2017.12.26"]

1. e4 c5 2. Nc3 a6 3. a4 b6 4. g3 Bb7 5. Bg2 e6 6. d3 Nc6 7. Nge2 d6 8. O-O Nf6
9. h3 Qc7 10. Be3 g6 11. Qd2 h5 12. Bg5 Be7 13. f4 O-O-O 14. f5 gxf5 15. exf5
Nh7 16. Bf4 Rdg8 17. Ra3 h4 18. g4 Bg5 1/2-1/2

[Event "29.Festival - Magistrale"]
[Site "Robecchetto con Induno ITA"]
[Date "2017.12.29"]
[Round "6"]
[White "Bergero, Simone"]
[Black "Asperti, Giovanni"]
[Result "1/2-1/2"]
[WhiteElo "1963"]
[BlackElo "1926"]
[PlyCount "29"]
[EventDate "2017.12.26"]

1. d4 Nf6 2. Bg5 d5 3. Nc3 Bf5 4. Qd2 e6 5. f3 Be7 6. O-O-O Nbd7 7. Re1 Bg6 8.
e4 dxe4 9. fxe4 O-O 10. e5 Nd5 11. Bxe7 Qxe7 12. Nxd5 exd5 13. Bd3 Bxd3 14.
Qxd3 f6 15. Nf3 1/2-1/2

[Event "29.Festival - Magistrale"]
[Site "Robecchetto con Induno ITA"]
[Date "2017.12.29"]
[Round "6"]
[White "Valtemara, Mattia Angelo"]
[Black "Autino, Massimiliano"]
[Result "0-1"]
[WhiteElo "1905"]
[BlackElo "1946"]
[PlyCount "114"]
[EventDate "2017.12.26"]

1. e4 b6 2. d4 Bb7 3. Bd3 Nf6 4. Qe2 Nc6 5. c3 e5 6. d5 Ne7 7. Nf3 Ng6 8. O-O
Bc5 9. b4 Be7 10. Bd2 O-O 11. c4 c6 12. a3 Re8 13. Nc3 Bf8 14. g3 d6 15. dxc6
Bxc6 16. Nd5 Nxd5 17. cxd5 Bd7 18. Rfc1 Rc8 19. Bb5 Be7 20. Rxc8 Qxc8 21. Rc1
Qd8 22. Bc6 Rf8 23. Qa6 Bg4 24. Ne1 Bg5 25. Bxg5 Qxg5 26. Rc2 Qe7 27. Qb7 Rc8
28. Kg2 Qxb7 29. Bxb7 Rxc2 30. Nxc2 Be2 31. Ne3 Ne7 32. f3 Bd3 33. Kf2 f5 34.
exf5 Nxf5 35. Nxf5 Bxf5 36. Ke3 Kf7 37. h4 h6 38. Bc6 Kf6 39. Bb7 g5 40. hxg5+
hxg5 41. Ba6 Bg6 42. Bc8 Be8 43. Bb7 Bd7 44. Ba6 b5 45. Bb7 Ke7 46. f4 exf4+
47. gxf4 gxf4+ 48. Kxf4 Kd8 49. Ke4 Kc7 50. Ba8 Kb8 51. Bc6 Bxc6 52. dxc6 Kc7
53. Kd5 a6 54. Ke4 Kxc6 55. Kd4 Kc7 56. Ke4 Kd8 57. Kd4 Ke7 0-1

[Event "29.Festival - Magistrale"]
[Site "Robecchetto con Induno ITA"]
[Date "2017.12.29"]
[Round "6"]
[White "Di Chiara, Mauro"]
[Black "Tramalloni, Luca"]
[Result "0-1"]
[WhiteElo "1898"]
[BlackElo "2010"]
[PlyCount "102"]
[EventDate "2017.12.26"]

1. Nf3 c5 2. e4 e6 3. d4 cxd4 4. Nxd4 Bc5 5. Nb3 Bb6 6. Bd3 Ne7 7. Nc3 Nbc6 8.
O-O O-O 9. Kh1 f5 10. exf5 Nxf5 11. Qg4 Ne5 12. Qe4 Ng6 13. Na4 d5 14. Qe1 Bc7
15. f4 b6 16. Nc3 a6 17. Bd2 Bb8 18. Bxf5 Rxf5 19. Nd4 Rf6 20. Nc6 Qf8 21. Nxb8
Rxb8 22. Ne2 Qd6 23. Bb4 Qc7 24. Bc3 Rf7 25. Rd1 Bd7 26. Qd2 Rbf8 27. Bb4 Re8
28. g3 a5 29. Bc3 Ref8 30. Nd4 e5 31. Nf3 d4 32. Nxd4 exd4 33. Qxd4 Bc6+ 34.
Kg1 Ba8 35. Kf2 Nxf4 36. gxf4 Rxf4+ 37. Ke2 Rxd4 38. Rxf8+ Kxf8 39. Rxd4 Qxh2+
40. Kd3 Bb7 41. Bd2 Qh3+ 42. Be3 g5 43. c4 Ba6 44. b3 b5 45. Ke4 Qe6+ 46. Kf3
bxc4 47. bxc4 Bxc4 48. Rd8+ Kf7 49. Rd2 Bd5+ 50. Kf2 Qe4 51. Rd4 Qf3+ 0-1